000 00831nam a2200205Ia 4500
999 _c34758
_d34758
001 556
003 GE_BSU
005 20210514115348.0
008 181216s2005||||ge |||||||||||||| ||geo||
040 _cGE_BSU
041 _ageo
080 _a821.353.1(072) ზ–77
100 _aზოიძე, ა.
_911705
245 _aთხზულების სწავლების მეთოდიკა /
_cა. ზოიძე; რედ. ჟუჟუნა ცირეკიძე.
264 _aბათუმი :
_bუნივერსიტეტის გამ–ბა,
_c2005.
300 _a319 გვ.
653 _aთხზულების სწავლების მეთოდიკა
700 _aცირეკიძე, ჟუჟუნა
_eრედაქტორი
_911796
942 _cBK
_2udc